[Event "Lisbon Portugal rapid 2op"]
[Site "Lisbon"]
[Date "2020.02.02"]
[Round "2"]
[White "Botelho, Luis Miguel Rodrigu"]
[Black "Gharamian, Tigran"]
[Result "0-1"]
[WhiteElo "2016"]
[BlackElo "2603"]
[PlyCount "108"]
[EventDate "2020.01.02"]
[EventType "swiss (rapid)"]
[EventRounds "8"]
[EventCountry "POR"]
[SourceTitle "CBM 194 Extra"]
[Source "ChessBase"]
[SourceDate "2020.03.31"]
[SourceVersion "1"]
[SourceVersionDate "2020.03.31"]
[SourceQuality "1"]

1. e4 c6 2. d4 d5 3. exd5 cxd5 4. Bd3 Nf6 5. c3 Bg4 6. Qb3 Qc7 7. f3 Bh5 8. Ne2 e6 9. Bf4 Qc8 10. Na3 a6 11. 0-0 Nc6 12. Nc2 Bg6 13. Bxg6 hxg6 14. Rac1 b5 15. Nb4 Be7 16. Nxc6 Qxc6 17. Ra1 0-0 18. Bg3 Rfc8 19. Nf4 Nd7 20. Nd3 a5 21. a4 b4 22. Rac1 bxc3 23. Rxc3 Qb6 24. Bf2 Bg5 25. f4 Be7 26. Rfc1 Rxc3 27. Qxc3 Nf6 28. Qc7 Qb3 29. Ne5 Qxb2 30. Rc2 Qb3 31. h3 Re8 32. Qc6 Bb4 33. Bh4 Qe3+ 34. Kh1 Rf8 35. Bxf6 gxf6 36. Nd7 Qxf4 37. Nxf8 Bd6 38. Kg1 Qxd4+ 39. Kf1 Bxf8 40. Qc3 Qxa4 41. Rc1 Kg7 42. Ra1 Qf4+ 43. Kg1 Bb4 44. Qd3 Bc5+ 45. Kh1 Bd6 46. Kg1 a4 47. Rb1 a3 48. Qb3 Qd4+ 49. Kh1 Qe5 50. Kg1 Qe2 51. Ra1 Be5 52. Rf1 Bd4+ 53. Kh2 Qxf1 54. Qxa3 Be5+ 0-1

[Event "Lisbon Portugal op"]
[Site "Lisbon"]
[Date "2020.02.01"]
[Round "9"]
[White "Rodriguez Lopez, Rafael"]
[Black "Botelho, Luis Miguel Rodrigu"]
[Result "1-0"]
[WhiteElo "2212"]
[BlackElo "1987"]
[PlyCount "137"]
[EventDate "2020.01.25"]
[EventType "swiss"]
[EventRounds "9"]
[EventCountry "POR"]
[SourceTitle "CBM 194"]
[Source "ChessBase"]
[SourceDate "2020.02.29"]
[SourceVersion "1"]
[SourceVersionDate "2020.02.29"]
[SourceQuality "1"]

1. e4 c5 2. Nf3 g6 3. d4 cxd4 4. Nxd4 Nc6 5. c4 Nf6 6. Nc3 d6 7. f3 Nxd4 8. Qxd4 Bg7 9. Be3 0-0 10. Qd2 Be6 11. Rc1 Qa5 12. Be2 Rfc8 13. b3 Qb4 14. g4 Nd7 15. Nd5 Qxd2+ 16. Kxd2 Kf8 17. Rhd1 a5 18. Ke1 Rc6 19. h3 Nc5 20. Rb1 Na6 21. a3 Bxd5 22. exd5 Rcc8 23. Kf1 Nc5 24. Rd2 a4 25. b4 Nb3 26. Rdd1 Ke8 27. Kf2 Kd7 28. Bb6 Ra6 29. c5 Rxb6 30. cxb6 Rc2 31. Kf1 Nd2+ 32. Rxd2 Rxd2 33. Bb5+ Kd8 34. Rc1 Rxd5 35. Bxa4 Bd4 36. Rc7 Bxb6 37. Rxb7 Bc7 38. Ra7 Bb6 39. Rd7+ Kc8 40. Rxe7 Rd3 41. Rxf7 Rxa3 42. Bc6 Ra7 43. Rxa7 Bxa7 44. Ke2 Kc7 45. Bd5 Kd7 46. Kd3 Ke7 47. g5 Bf2 48. f4 Kf8 49. Ke4 Kg7 50. b5 Ba7 51. Kf3 Bb6 52. Kg4 Ba7 53. h4 Be3 54. Be6 Kh8 55. Kf3 Bc5 56. Bg4 Kg7 57. Bd7 Kf7 58. Kg4 Ke7 59. Bc6 Ke6 60. Be4 Kf7 61. h5 Kg7 62. hxg6 hxg6 63. f5 gxf5+ 64. Kxf5 Kf7 65. g6+ Ke7 66. Bd5 Bd4 67. b6 Kd7 68. b7 Kc7 69. Ke6 1-0

[Event "Benidorm op U2000 12th"]
[Site "Benidorm"]
[Date "2013.12.01"]
[Round "3"]
[White "Muniz Giron, Carlos"]
[Black "Botelho, Luis Miguel Rodrigu"]
[Result "1-0"]
[WhiteElo "1930"]
[BlackElo "1996"]
[PlyCount "161"]
[EventDate "2013.11.29"]
[EventType "swiss"]
[EventRounds "10"]
[EventCountry "ESP"]
[SourceTitle "CBM 157 Extra"]
[Source "ChessBase"]
[SourceDate "2013.12.19"]
[SourceVersion "1"]
[SourceVersionDate "2013.12.19"]
[SourceQuality "1"]

1. d4 g6 2. c4 Bg7 3. Nc3 c5 4. d5 Bxc3+ 5. bxc3 f5 6. Nf3 Qa5 7. Bd2 d6 8. e3 Nf6 9. Bd3 Nbd7 10. 0-0 Nb6 11. Re1 Bd7 12. Qc2 0-0-0 13. Ng5 Rhf8 14. Reb1 h6 15. Ne6 Bxe6 16. dxe6 Qa6 17. Rb5 Ne8 18. Rab1 Nc7 19. R5b2 d5 20. cxd5 c4 21. Be2 Rxd5 22. e4 fxe4 23. Qxe4 g5 24. Be3 Rb5 25. Rxb5 Nxb5 26. Bxc4 Nd6 27. Bxa6 Nxe4 28. Bb5 Nd6 29. Be2 Kc7 30. Bd4 Nf5 31. Be5+ Kc8 32. c4 Rd8 33. c5 Nd5 34. c6 Nb6 35. Rc1 Nd5 36. a4 Nd6 37. cxb7+ Kxb7 38. Bf3 Ne8 39. Rc5 Nd6 40. Rxd5 Kb6 41. Bxd6 exd6 42. e7 Re8 43. Rxd6+ Kc7 44. Re6 Kd7 45. Bg4 Rxe7 46. Rxe7+ Kxe7 47. Kf1 Kd6 48. Ke2 Ke5 49. Ke3 Kd5 50. g3 Ke5 51. Kd3 Kd5 52. f4 a5 53. Bf5 Kc5 54. Ke4 Kd6 55. Kd4 Ke7 56. Ke5 Kf7 57. Be4 Kg7 58. fxg5 hxg5 59. Kf5 Kh6 60. Kg4 Kg7 61. Kxg5 Kf7 62. h4 Kg7 63. g4 Kf7 64. h5 Kg7 65. Bg6 Kg8 66. Kf6 Kh8 67. g5 Kg8 68. Ke5 Kg7 69. Kd5 Kg8 70. Kc5 Kg7 71. Kb5 Kf8 72. h6 Kg8 73. Kxa5 Kf8 74. Kb6 Kg8 75. a5 Kf8 76. a6 Ke7 77. a7 Kd7 78. a8Q Kd6 79. Qe4 Kd7 80. Qe5 Kd8 81. Qd6+ 1-0

[Event "Benidorm op U2000 11th"]
[Site "Benidorm"]
[Date "2012.12.01"]
[Round "2"]
[White "Moreno Cervera, Jose Luis"]
[Black "Botelho, Luis Miguel Rodrigu"]
[Result "1/2-1/2"]
[WhiteElo "1847"]
[BlackElo "1972"]
[PlyCount "105"]
[EventDate "2012.11.30"]
[EventType "swiss"]
[EventRounds "10"]
[EventCountry "ESP"]
[SourceTitle "EXT 2014"]
[Source "ChessBase"]
[SourceDate "2013.11.20"]
[SourceVersion "1"]
[SourceVersionDate "2013.11.20"]
[SourceQuality "1"]

1. d4 g6 2. Bf4 Bg7 3. e3 d6 4. Nf3 b6 5. Be2 Bb7 6. 0-0 Nd7 7. h3 e5 8. Bg5 f6 9. Bh4 Nh6 10. dxe5 dxe5 11. Nc3 Nf5 12. Bg3 Nxg3 13. fxg3 0-0 14. e4 Nc5 15. Bc4+ Kh8 16. Qe2 c6 17. Rad1 Qe7 18. b4 Ne6 19. b5 Rfd8 20. bxc6 Bxc6 21. Nd5 Qc5+ 22. Kh2 Rd6 23. c3 Rad8 24. Nd2 b5 25. Bb3 Bxd5 26. Bxd5 Nc7 27. Nb3 Qb6 28. c4 bxc4 29. Bxc4 a5 30. Rxd6 Rxd6 31. Rd1 a4 32. Qg4 f5 33. Rxd6 Qxd6 34. exf5 axb3 35. axb3 gxf5 36. Qxf5 Bf6 37. Qg4 Qf8 38. b4 Ne8 39. b5 Nd6 40. b6 e4 41. Bd5 e3 42. b7 Qb8 43. Qf4 Bg7 44. Qxe3 Nf5 45. Qf4 Nd6 46. Qa4 Be5 47. Qg4 Nxb7 48. Bxb7 Qxb7 49. Qe6 Qc7 50. Qb3 Qc3 51. Qxc3 Bxc3 52. g4 Kg7 53. h4 1/2-1/2

[Event "Alcudia Belleuve"]
[Site "Alcudia"]
[Date "2012.10.20"]
[Round "7.7"]
[White "Botelho, Luis Miguel Rodrigu"]
[Black "Sanchez Rodriguez, Francisco"]
[Result "1-0"]
[WhiteElo "1972"]
[BlackElo "1933"]
[PlyCount "49"]
[EventDate "2012.10.14"]
[EventType "swiss"]
[EventRounds "9"]
[EventCountry "ESP"]
[SourceTitle "EXT 2024"]
[Source "ChessBase"]
[SourceDate "2023.10.10"]
[SourceVersion "1"]
[SourceVersionDate "2023.10.10"]
[SourceQuality "1"]

1. e4 c5 2. Nc3 d6 3. f4 Nc6 4. Nf3 g6 5. Bc4 Bg7 6. 0-0 Nf6 7. d3 a6 8. a4 Bg4 9. Be3 Nd4 10. Bxd4 cxd4 11. e5 dxc3 12. exf6 Bxf6 13. Bxf7+ Kxf7 14. Ng5+ Bxg5 15. fxg5+ Bf5 16. g4 Qb6+ 17. d4 cxb2 18. Rb1 e6 19. gxf5 exf5 20. Qd3 Rhf8 21. c3 Rae8 22. Rf2 Re7 23. Qc4+ Kg7 24. Rfxb2 Re1+ 25. Kf2 1-0

[Event "Alcudia Belleuve"]
[Site "Alcudia"]
[Date "2012.10.18"]
[Round "5.5"]
[White "Botelho, Luis Miguel Rodrigu"]
[Black "Martinez Rubio, Felipe"]
[Result "1-0"]
[WhiteElo "1972"]
[BlackElo "1815"]
[PlyCount "49"]
[EventDate "2012.10.14"]
[EventType "swiss"]
[EventRounds "9"]
[EventCountry "ESP"]
[SourceTitle "EXT 2024"]
[Source "ChessBase"]
[SourceDate "2023.10.10"]
[SourceVersion "1"]
[SourceVersionDate "2023.10.10"]
[SourceQuality "1"]

1. e4 c5 2. Nc3 g6 3. f4 Bg7 4. Nf3 Nc6 5. Bb5 Nd4 6. 0-0 Nxb5 7. Nxb5 d5 8. exd5 Nf6 9. c4 a6 10. Nc3 0-0 11. d4 cxd4 12. Qxd4 e6 13. Ne5 exd5 14. cxd5 Re8 15. Re1 Nd7 16. Bd2 Bf8 17. Ne4 Bg7 18. Nd6 Re7 19. Bb4 Nxe5 20. fxe5 Rd7 21. Qf2 b6 22. e6 fxe6 23. dxe6 Rda7 24. Qf7+ Rxf7 25. exf7+ 1-0

[Event "Faro Honra"]
[Site "Faro"]
[Date "2012.05.01"]
[Round "9"]
[White "Botelho, Luis Miguel Rodrigu"]
[Black "Marques, Eduardo Manuel C"]
[Result "1-0"]
[WhiteElo "1955"]
[BlackElo "1803"]
[PlyCount "139"]
[EventDate "2012.04.21"]
[EventType "tourn"]
[EventRounds "9"]
[EventCountry "POR"]
[SourceTitle "CBM 148 Extra"]
[Source "ChessBase"]
[SourceDate "2012.06.22"]
[SourceVersion "1"]
[SourceVersionDate "2012.06.22"]
[SourceQuality "1"]

1. e4 c5 2. Nc3 e6 3. f4 Nc6 4. Nf3 a6 5. g3 d6 6. Bg2 Nf6 7. d3 Be7 8. 0-0 0-0 9. h3 d5 10. e5 Nd7 11. Kh2 h6 12. Ne2 Qc7 13. d4 b6 14. c3 a5 15. g4 f6 16. Nh4 Rf7 17. Ng6 fxe5 18. dxe5 Bd8 19. Ng3 Ba6 20. Rf2 Nf8 21. Qc2 Ne7 22. Nh4 Bb7 23. Bd2 Rc8 24. Re1 b5 25. Bc1 b4 26. Nf3 Neg6 27. Nh5 Nh4 28. Nxh4 Bxh4 29. Ng3 Qb6 30. c4 dxc4 31. Bxb7 Qxb7 32. Qxc4 Kh8 33. Ref1 Qe7 34. Rf3 Nd7 35. Ne4 a4 36. Nd6 Rb8 37. Nxf7+ Qxf7 38. Be3 a3 39. b3 Be7 40. Qa6 h5 41. gxh5 Qf5 42. Qc6 Rd8 43. Rd1 Qc2+ 44. Rd2 Nxe5 45. Rxc2 Nxc6 46. Bxc5 Bxc5 47. Rxc5 Rd2+ 48. Kg1 Nd4 49. Rf2 Rb2 50. Rc4 Ne2+ 51. Kf1 Ng3+ 52. Kg2 Nf5 53. Rxb4 Ne3+ 54. Kf3 Nd1 55. Rg2 Nc3 56. Rb8+ Kh7 57. Ra8 Nb5 58. Rg5 Nd4+ 59. Ke4 Nf5 60. Rxa3 Re2+ 61. Kd3 Re3+ 62. Kd2 Rxh3 63. Ra6 Nd4 64. Rga5 Rf3 65. Ra4 Nf5 66. Rxe6 Rh3 67. Re5 Rxh5 68. Raa5 g6 69. Ra7+ Kh6 70. Re8 1-0

[Event "POR-ch qual"]
[Site "Amadora"]
[Date "2011.09.10"]
[Round "8"]
[White "Sa, Nuno Baltasar Fogac"]
[Black "Botelho, Luis Miguel Rodrigu"]
[Result "1-0"]
[WhiteElo "1878"]
[BlackElo "2014"]
[PlyCount "147"]
[EventDate "2011.09.03"]
[EventType "swiss"]
[EventRounds "9"]
[EventCountry "POR"]
[SourceTitle "CBM 144 Extra"]
[Source "ChessBase"]
[SourceDate "2011.10.28"]
[SourceVersion "1"]
[SourceVersionDate "2011.10.28"]
[SourceQuality "1"]

1. e4 c5 2. Nf3 g6 3. Bc4 Bg7 4. c3 e6 5. 0-0 Ne7 6. d3 d5 7. Bb5+ Bd7 8. Bxd7+ Qxd7 9. exd5 Nxd5 10. d4 cxd4 11. Nxd4 Nc6 12. Nxc6 Qxc6 13. Qf3 0-0 14. Nd2 Rac8 15. Nb3 Qa4 16. Be3 b6 17. Bd4 e5 18. Bxe5 Bxe5 19. Qxd5 Qf4 20. g3 Qg5 21. Rfe1 Rfe8 22. Qg2 Qf6 23. Re2 Red8 24. Rae1 Bd6 25. Nd2 Bf8 26. Ne4 Qe6 27. b3 Qc6 28. c4 Bb4 29. Rc1 Re8 30. Nc3 Qc5 31. Rxe8+ Rxe8 32. Nd5 Re2 33. Nxb4 Qxb4 34. Qa8+ Kg7 35. Qxa7 Qd2 36. Rf1 Qd4 37. Qa6 Rb2 38. Qa7 h5 39. h4 g5 40. hxg5 h4 41. Qe7 hxg3 42. Qf6+ Qxf6 43. gxf6+ Kg6 44. fxg3 Rxa2 45. Rf2 Ra1+ 46. Kg2 Rb1 47. Rf3 Kg5 48. Rd3 Kg4 49. Rd4+ Kf5 50. Rd5+ Kg4 51. Rd4+ Kf5 52. Rf4+ Ke5 53. Kh3 Rxb3 54. Kg4 Rc3 55. Kh4 Rd3 56. Kg4 Rc3 57. Rf5+ Ke6 58. Rf4 Ke5 59. Kh4 Kd6 60. g4 Ke5 61. Kg5 Rc1 62. Rf5+ Ke6 63. Rb5 Rxc4 64. Rxb6+ Kd7 65. Rb7+ Ke8 66. Kh5 Rc8 67. g5 Kf8 68. Kh6 Kg8 69. g6 fxg6 70. Kxg6 Rf8 71. Rg7+ Kh8 72. Rh7+ Kg8 73. f7+ Rxf7 74. Rxf7 1-0

[Event "POR-ch qual"]
[Site "Amadora"]
[Date "2011.09.07"]
[Round "5"]
[White "Botelho, Luis Miguel Rodrigu"]
[Black "Jorge, Rita Maria Osorio"]
[Result "1-0"]
[WhiteElo "2014"]
[BlackElo "1650"]
[PlyCount "111"]
[EventDate "2011.09.03"]
[EventType "swiss"]
[EventRounds "9"]
[EventCountry "POR"]
[SourceTitle "CBM 144 Extra"]
[Source "ChessBase"]
[SourceDate "2011.10.28"]
[SourceVersion "1"]
[SourceVersionDate "2011.10.28"]
[SourceQuality "1"]

1. e4 c5 2. Nc3 a6 3. Nf3 g6 4. d4 cxd4 5. Qxd4 Nf6 6. Nd5 Bg7 7. Qb6 Nxd5 8. Qxd8+ Kxd8 9. exd5 b5 10. a4 bxa4 11. Rxa4 Bb7 12. Bc4 d6 13. Rb4 Kc7 14. Ng5 h6 15. Nxf7 Rf8 16. Nxh6 Bc8 17. Be2 Bb7 18. Bf3 Nd7 19. Ng4 Nb6 20. Be3 Nd7 21. c3 Rf7 22. Rc4+ Kd8 23. Kd2 a5 24. Ra1 Rf5 25. Rc6 Bxc6 26. dxc6 Nc5 27. Bxc5 Rxc5 28. c7+ Kxc7 29. Bxa8 d5 30. Re1 Kd6 31. Kc2 Rc7 32. Rd1 e6 33. Ne3 Ra7 34. Bxd5 exd5 35. Rxd5+ Ke6 36. Rb5 a4 37. Rb6+ Kf7 38. Nc4 Rc7 39. Rb7 Rxb7 40. Nd6+ Ke7 41. Nxb7 Be5 42. h3 Kf6 43. Nc5 a3 44. bxa3 Ke7 45. Kd3 Bd6 46. Kc4 Bc7 47. Kb5 Be5 48. c4 Bd4 49. f3 Kd6 50. Ne4+ Ke5 51. c5 Kf4 52. a4 Be5 53. a5 Bb8 54. Kb6 Ke5 55. a6 Kd5 56. a7 1-0

[Event "Beja op"]
[Site "Beja"]
[Date "2010.10.17"]
[Round "5"]
[White "Botelho, Luis Miguel Rodrigu"]
[Black "Dias, Paulo Jorge Guimara"]
[Result "0-1"]
[WhiteElo "1949"]
[BlackElo "2394"]
[PlyCount "69"]
[EventDate "2010.10.15"]
[EventType "swiss"]
[EventRounds "5"]
[EventCountry "POR"]
[SourceTitle "EXT 2013"]
[Source "ChessBase"]
[SourceDate "2012.11.22"]
[SourceVersion "1"]
[SourceVersionDate "2012.11.22"]
[SourceQuality "1"]

1. e4 e6 2. d4 d5 3. Nc3 Be7 4. e5 c5 5. Qg4 g6 6. f4 cxd4 7. Nb5 Nc6 8. Nf3 Qb6 9. a4 Bd7 10. Bd2 Rc8 11. a5 Qc5 12. Bd3 a6 13. Na3 Nh6 14. Qh3 Nf5 15. 0-0 Ne3 16. Rfe1 Nc4 17. Reb1 Nxd2 18. Nxd2 Qxa5 19. b4 Nxb4 20. Nac4 Qc7 21. Na5 Nxd3 22. Qxd3 Qxc2 23. Qxc2 Rxc2 24. Rxb7 Rxd2 25. Rc1 Bd8 26. Nb3 Rb2 27. Ra1 d3 28. Rd1 Bb5 29. Nc5 d2 30. Nd7 Rc2 31. Rxd2 Rxd2 32. Nf6+ Kf8 33. h4 Kg7 34. h5 Bxf6 35. exf6+ 0-1